[Event "American Continental-ch 2018"]
[Site "Montevideo"]
[Date "2018.06.10"]
[Round "11"]
[White "Terry, Renato"]
[Black "Panjwani, Raja"]
[Result "1-0"]
[WhiteElo "2503"]
[BlackElo "2456"]
[Annotator "TA"]
[PlyCount "81"]
[EventDate "2018.??.??"]
[EventType "swiss"]
[EventCountry "URU"]
[SourceTitle "playchess.com"]
[Source "ChessBase"]
[SourceQuality "1"]

{[%evp 24,81,-14,-23,-18,-8,0,-11,15,23,23,0,0,-17,-17,-10,0,-14,-4,-3,-12,-21,-18,-34,-8,-142,-132,-239,-232,-241,-243,-224,-234,-283,-139,-426,-329,-369,-220,-166,-66,-45,151,156,158,136,159,142,722,115,875,620,2693,2387,29980,29981,29971,29972,29972,29971]} 1. d4 Nf6 2. Nf3 e6 3. c4 d5 4. e3 b6 5. b3 Bb7 6. Bb2 Bd6 7. Bd3 Nbd7 8. O-O O-O 9. Ne5 c5 10. Nd2 cxd4 {E14: Queen's Indian: Classical Variation (4 e3)} 11. exd4 dxc4 12. Nxd7 Nxd7 $146 ({Predecessor:} 12... Qxd7 13. bxc4 Qc7 14. h3 Rfd8 15. Qe2 Be7 16. Rfe1 Re8 17. a3 Bc6 18. Nf1 {1-0 (46) Astasio Lopez,D (2376)-Franco Alonso,A (2504) Zornotza 2013}) 13. bxc4 {LiveBook: 3 Games} Qc7 14. h3 e5 (14... Bh2+ {seems wilder.} 15. Kh1 Bf4 16. Re1 e5 17. Qc2 g6) 15. Qc2 h6 16. d5 Nc5 17. Bf5 Bc8 18. Rae1 Bxf5 19. Qxf5 {[%cal Rb2e5]} Rae8 20. Re3 g6 21. Qc2 f5 {[%cal Bf7f5,Bf5f4][%mdl 32]} 22. Nf3 Kh7 23. Kh1 a6 24. g3 (24. Re2 $11) 24... e4 $36 {[%mdl 2048] White is under strong pressure.} 25. Nd4 (25. Nd2 $17) 25... f4 $1 $19 {[%cal Rf4e3]} 26. gxf4 Bxf4 27. Ra3 Qd7 28. Rg1 Be5 (28... Bg5 $19 29. Qe2 e3 $1 {[%mdl 512]}) 29. Re3 $2 {[%mdl 8192]} (29. Rg2 $17 {was called for.}) 29... Nd3 30. Rg2 Bxd4 (30... b5 $142 {Strongly threatening ...bxc4.} 31. Bc3 bxc4) 31. Bxd4 {[#]} Rf3 (31... b5 $1 $19 32. a4 Rc8 33. Rxe4 (33. axb5 $2 axb5 34. Rxe4 bxc4 $17) 33... bxc4) 32. Rxf3 $15 exf3 $2 (32... Ne1 $15 {keeps the upper hand.} 33. Qc3 Nxf3) 33. Rg3 $16 Qf5 {[#] aiming for ...Re2.} 34. Qb3 $1 {[%cal Rb3b6]} b5 35. cxb5 Qe4 $2 {[%mdl 8192]} (35... axb5 $16 36. Qxb5 Rd8) 36. Qc3 $2 (36. d6 $18 {[%cal Rb3f7] and the rest is easy.} Rf8 37. Qc3) 36... Qe2 $2 {[%mdl 8192]} (36... axb5 $16 37. Qc7+ Re7) 37. Qc6 {[%csl Gg3][%cal Rc6g6]} Qe4 38. Qf6 {[%csl Gd4][%cal Rf6g7]} Ne5 39. Bxe5 {White mates.} Rxe5 40. Qf7+ Kh8 41. Rxg6 {Precision: White = 33%, Black = 24%.} 1-0

[Event "American Continental-ch 2018"]
[Site "Montevideo"]
[Date "2018.06.10"]
[Round "11"]
[White "Terry, Renato"]
[Black "Panjwani, Raja"]
[Result "*"]
[WhiteElo "2503"]
[BlackElo "2456"]
[Annotator "TA"]
[PlyCount "35"]
[EventDate "2018.??.??"]
[EventType "swiss"]
[EventCountry "URU"]
[SourceTitle "playchess.com"]
[Source "ChessBase"]
[SourceQuality "1"]

{[%evp 21,23,-11,-10,-13]} 1. d4 Nf6 2. Nf3 e6 3. c4 d5 4. e3 b6 5. b3 Bb7 6. Bb2 Bd6 7. Bd3 Nbd7 8. O-O O-O 9. Ne5 c5 10. Nd2 cxd4 {E14: Damenindisch (Zentralsystem)} 11. exd4 dxc4 {LiveBook: 5 Partien} 12. Nxd7 (12. bxc4 $2 Nxe5 13. dxe5 {[#]} Bxe5 $1 $19 {[%mdl 512]}) {Vorgänger:} 12... Qxd7 $146 13. bxc4 Qc7 14. h3 Rfd8 15. Qe2 Be7 16. Rfe1 Re8 17. a3 Bc6 18. Nf1 {1-0 (46) Astasio Lopez,D (2376)-Franco Alonso,A (2504) Zornotza 2013} *

[Event "American Continental-ch 2018"]
[Site "Montevideo"]
[Date "2018.06.10"]
[Round "11"]
[White "Rodriguez Vila, Andres"]
[Black "Cruz, Cristhian"]
[Result "0-1"]
[WhiteElo "2483"]
[BlackElo "2576"]
[Annotator "TA"]
[PlyCount "100"]
[EventDate "2018.??.??"]
[EventType "swiss"]
[EventCountry "URU"]
[SourceTitle "playchess.com"]
[Source "ChessBase"]
[SourceQuality "1"]

{[%evp 22,100,24,50,61,10,16,14,16,27,23,-22,-18,-27,-27,-19,-27,-27,-18,-17,-25,-41,-50,-45,-37,-40,-38,-44,-50,-46,-42,-48,-62,-48,-55,-48,-52,-74,-86,-85,-91,-108,-102,-110,-90,-85,-96,-170,-110,-161,-165,-142,-143,-306,-228,-235,-236,-472,-284,-673,-581,-588,-604,-606,-668,-660,-597,-650,-634,-613,-585,-546,-485,-535,-530,-512,-510,-525,-515,-29974,-29975]} 1. e4 e5 2. Nf3 Nc6 3. Bc4 Nf6 4. d3 Be7 5. O-O O-O 6. Re1 d6 7. a4 Kh8 8. a5 {C55: Two Knights: 4 d3, 4 d4 exd4 5 e5 and Max Lange Attack} a6 9. c3 Ng8 10. Qb3 f5 11. exf5 Rxf5 12. Nbd2 {LiveBook: 3 Games} Nf6 {[%cal Bg8f6,Bf6d7,Bd7e5,Be5d3][%mdl 32]} 13. Be6 ({Better is} 13. Qd1 $1 $14) 13... Bxe6 $11 14. Qxe6 Qd7 15. Qxd7 Nxd7 {[#]} 16. d4 $146 exd4 17. Nxd4 Re5 18. Rxe5 Ndxe5 19. Ne6 Rc8 20. b4 Nd3 {...Bf6 is the strong threat.} 21. Ba3 Kg8 22. Nf3 Bf6 23. Rd1 Nde5 24. Nd2 Kf7 25. Nf4 Bg5 26. Nd5 $1 {Strongly threatening f4.} Bxd2 27. Rxd2 Nc4 28. Ra2 Ne7 $36 {[%mdl 2048] Black is pushing.} 29. Nxe7 Kxe7 $15 {[%mdl 4096] Endgame KRB-KRN} 30. Bc1 Kd7 31. Re2 c5 32. Bf4 Re8 33. Rxe8 Kxe8 $17 {KB-KN} 34. h4 (34. Kf1 $17 {was worth a try.}) 34... Kd7 $19 35. h5 (35. Kf1 $17) 35... Kc6 36. h6 g6 37. Kh2 $2 (37. Kf1 $17) 37... cxb4 38. cxb4 {[#]} d5 $1 {[%cal Bd6d5,Bd5d4,Bd4d3][%mdl 32]} 39. Bg5 $2 (39. Kg3 d4 40. Kg4) 39... d4 40. Kg1 $2 (40. Kg3) 40... d3 41. Kf1 Kb5 42. Be7 Ka4 43. Ke1 Kb3 44. Kd1 Kc3 {( -> ...Nb2+)} 45. Bf6+ Kxb4 46. Bd8 Kc5 47. Ke1 Kd4 {aiming for ...Kc3.} 48. Bf6+ Ke4 49. Bc3 g5 50. f3+ {[#]} (50. Kd1 $19 Kf4 51. Bd2+ Kf5 52. Bc3) 50... Ke3 {Precision: White = 40%, Black = 96%.} 0-1

[Event "American Continental-ch 2018"]
[Site "Montevideo"]
[Date "2018.06.10"]
[Round "11"]
[White "Cori Quispe, Kevin Joel"]
[Black "Vera Siguenas, Deivy"]
[Result "1-0"]
[WhiteElo "2468"]
[BlackElo "2516"]
[Annotator "TA"]
[PlyCount "107"]
[EventDate "2018.??.??"]
[EventType "swiss"]
[EventCountry "URU"]
[SourceTitle "playchess.com"]
[Source "ChessBase"]
[SourceQuality "1"]

{[%evp 36,107,71,56,109,63,75,75,64,77,66,65,64,62,66,68,78,79,73,27,37,32,76,69,67,76,83,76,133,126,134,124,120,117,158,159,159,158,145,162,162,155,161,162,162,158,162,162,162,162,162,162,162,162,162,162,162,158,161,167,182,182,222,221,210,209,370,373,362,362,368,362,354,351]} 1. e4 c6 2. d4 d5 3. Nc3 dxe4 4. Nxe4 Bf5 5. Ng3 Bg6 6. h4 h6 7. Nf3 Nd7 8. h5 Bh7 9. Bd3 Bxd3 10. Qxd3 Qc7 11. Bd2 e6 12. O-O-O Ngf6 13. Ne4 O-O-O 14. g3 Nxe4 15. Qxe4 Bd6 16. Kb1 Kb8 {B19: Classical Caro-Kann: 4...Bf5 main line} 17. c4 Nf6 18. Qe2 c5 19. Bc3 {LiveBook: 12 Games} Rd7 (19... cxd4 $14 20. Nxd4 a6) (19... cxd4 20. Nxd4 a6 21. Nb3 Qc6 22. Rh4 Bc7 23. Rc1 Rhe8 24. c5 e5 25. Ba5 {1-0 (41) Safarli,E (2641)-Paichadze,L (2581) Kocaeli 2017}) 20. dxc5 $146 ({Predecessor:} 20. d5 Re7 21. Qc2 e5 22. Nh4 Ree8 23. Nf5 Rhg8 24. Rdg1 Nd7 25. g4 f6 26. Re1 a6 27. a4 Ka8 28. a5 Rb8 29. Re2 b6 30. axb6 Qxb6 31. Qa4 Rb7 32. Ba5 Qa7 33. Nxd6 {1-0 (34) Gafarov,D (1891)-Evstafyev,G (1522) Tuimazy 2018}) 20... Qxc5 21. Ne5 Bxe5 22. Bxe5+ Kc8 23. Rxd7 Kxd7 24. Rd1+ Kc8 25. Rd4 Rd8 26. Rf4 $1 Qe7 27. Qe3 Nd7 $1 28. Bc3 a6 29. c5 ({Much worse is} 29. Bxg7 $6 f6 $11) 29... e5 {[#]} ({Not} 29... Nxc5 $2 30. Rc4 $18) 30. c6 $1 $36 {[%mdl 2560] Black is under strong pressure.} bxc6 31. Qe2 Kb7 ({Better is} 31... Nb8) 32. Rb4+ $16 Nb6 33. Qxe5 Qxe5 34. Bxe5 {[%mdl 4096] Endgame aiming for Bd4. KRB-KRN} c5 35. Rg4 g5 {And now ...f5 would win.} 36. hxg6 h5 37. Rg5 fxg6 38. Rxg6 Rd2 39. Rf6 $1 Re2 {[#]} 40. Rf5 $1 Nc4 41. Bc3 Nd6 42. Rxc5 Rxf2 43. Rxh5 Rg2 44. Rh7+ Kc6 45. Ra7 Kb6 46. Rg7 Ne4 47. Be5 Kc5 48. Bf4 Kc4 {[#]} 49. b3+ $1 {[%cal Bb2b3,Bb3b4][%mdl 32]} Kc3 {( -> ...Rg1+)} 50. Rc7+ Kd3 $2 (50... Kd4 {was necessary.} 51. Rd7+ Kc5) 51. Rd7+ $18 {White is winning.} Ke2 52. b4 Kf3 {intending ...Nc3+.} 53. Rd3+ Kg4 54. Ra3 {Precision: White = 94%, Black = 64%.} 1-0

[Event "American Continental-ch 2018"]
[Site "Montevideo"]
[Date "2018.06.10"]
[Round "11"]
[White "Vazquez, Guillermo"]
[Black "Alonso, Salvador"]
[Result "1-0"]
[WhiteElo "2436"]
[BlackElo "2519"]
[Annotator "TA"]
[PlyCount "61"]
[EventDate "2018.??.??"]
[EventType "swiss"]
[EventCountry "URU"]
[SourceTitle "playchess.com"]
[Source "ChessBase"]
[SourceQuality "1"]

{[%evp 19,61,43,67,42,36,34,34,34,39,45,36,0,3,0,0,0,0,-16,0,0,47,-52,-57,-141,75,30,133,0,512,512,519,480,547,538,620,627,983,547,1302,1210,29981,29982,29969,5663]} 1. d4 d5 2. c4 c6 3. Nf3 Nf6 4. e3 Bf5 5. Nc3 e6 6. Nh4 Bg6 7. Be2 {D12: Damengambit (Slawische Verteidigung)} (7. Bd2 Nbd7 8. Nxg6 hxg6 9. c5 e5 10. b4 Be7 11. b5 O-O 12. Qa4 Re8 13. bxc6 bxc6 14. Be2 exd4 15. exd4 Nxc5 16. dxc5 {0-1 (25) Bluebaum,M (2631)-Vitiugov,N (2735) Karlsruhe/Baden-Baden 2018}) 7... Nbd7 8. O-O Ne4 9. g3 Be7 10. Nxg6 hxg6 {LiveBook: 5 Partien} 11. Nxe4 dxe4 12. c5 $146 ({Vorgänger:} 12. f3 exf3 13. Bxf3 f5 14. Bd2 Nf6 15. Bc3 {½-½ (28) Ullrich,K-Gassner,M (2134) Germany 2009}) 12... Nf6 13. b4 Qd5 14. f3 e5 15. fxe4 Nxe4 16. Bf3 f5 17. Bb2 a5 18. Qb3 axb4 19. Qxb4 Kf7 20. Be2 (20. a4 $14) 20... b5 $15 {Weiss muss nun ...Lg5 beachten.} 21. Bd1 (21. Bf3 $1 $15) 21... Rxh2 $2 (21... Ng5 $1 $17 {[%cal Rg5h3] hält den Druck.} 22. h4 Qe4 23. Qb3+ Kf8) 22. Kxh2 $16 ({Aber nicht} 22. Bb3 $2 Rah8 $1 $19 {[%mdl 512]}) 22... Rh8+ {[#]} 23. Kg2 (23. Kg1 $1 $16 Nd2 24. Qxd2 Rh1+ 25. Kf2 Rh2+ 26. Ke1 Rxd2 27. Kxd2 Qg2+ 28. Be2) 23... Ng5+ $2 {[%mdl 8192]} (23... Nxg3+ $1 $11 24. Rf3 (24. Kxg3 $2 {wird mattgesetzt.} Bh4+ 25. Kh3 Bf2+ 26. Bh5 Rxh5#) (24. Bf3 e4 $14) 24... Qe4) 24. Bf3 $18 Nxf3 25. Rxf3 Qe4 26. Qb3+ Kf8 {Schwarz hofft, mit ...Dg4 fortzusetzen.} 27. Raf1 g5 28. Kg1 g6 {Schwarz will ...g4 spielen.} 29. Qe6 g4 {[#]} 30. Rxf5+ $1 gxf5 31. Rxf5+ {Precision: Weiß = 42%, Schwarz = 58%.} 1-0

[Event "American Continental-ch 2018"]
[Site "Montevideo"]
[Date "2018.06.10"]
[Round "11"]
[White "Fernandez Cardoso, Alexey"]
[Black "Teixeira, Ricardo da Silva"]
[Result "0-1"]
[WhiteElo "2429"]
[BlackElo "2235"]
[Annotator "TA"]
[PlyCount "40"]
[EventDate "2018.??.??"]
[EventType "swiss"]
[EventCountry "URU"]
[SourceTitle "playchess.com"]
[Source "ChessBase"]
[SourceQuality "1"]

{[%evp 14,40,50,18,37,18,28,19,24,29,25,18,39,27,43,38,44,41,45,45,45,31,40,37,39,43,40,-338,-335]} 1. e4 {[%cal Be2e4,Be4e5][%mdl 32]} Nf6 2. e5 Nd5 3. d4 d6 4. c4 Nb6 5. exd6 exd6 6. Nc3 Nc6 7. d5 {B03: Alekhine's Defence: Four Pawns Attack} Ne5 8. Be2 {LiveBook: 4 Games} Qe7 9. b3 {White is slightly better.} (9. Be3 Bd7 10. b3 g6 11. Nf3 Bg7 12. Nxe5 Bxe5 13. Qd2 O-O 14. O-O Rfe8 {½-½ (56) Akopian,V (2675)-Maghsoodloo,P (2576) Sharjah 2017}) 9... g6 10. Be3 Bg7 11. Qd2 O-O 12. Nf3 Bg4 13. Nd4 $146 ({Predecessor:} 13. Nxe5 Qxe5 14. Bxg4 Qxc3 {½-½ (38) Ilfeld,E (2191)-Kiik,K (2437) London 2012}) 13... Bxe2 14. Ndxe2 Rfe8 {[%cal Bf8e8,Be8e3,Be3e2][%mdl 32]} 15. O-O Nbxc4 16. bxc4 Nxc4 17. Qd3 Nxe3 18. fxe3 Qxe3+ 19. Qxe3 Rxe3 20. Rf3 $2 {[%mdl 8192] [#]} (20. Rac1 $14) 20... Rxe2 $1 {[%mdl 512] Precision: White = 37%, Black = 81%.} 0-1

[Event "American Continental-ch 2018"]
[Site "Montevideo"]
[Date "2018.06.10"]
[Round "11"]
[White "Campora, Daniel H"]
[Black "Aranha Filho, Alvaro Z"]
[Result "1-0"]
[WhiteElo "2424"]
[BlackElo "2304"]
[Annotator "TA"]
[PlyCount "95"]
[EventDate "2018.??.??"]
[EventType "swiss"]
[EventCountry "URU"]
[SourceTitle "playchess.com"]
[Source "ChessBase"]
[SourceQuality "1"]

{[%evp 14,95,9,0,0,0,0,-9,0,0,0,0,0,-2,45,49,84,86,88,88,104,114,114,71,101,52,51,62,52,51,52,52,51,51,55,53,91,64,68,49,50,38,42,39,60,48,51,52,52,46,61,55,79,73,91,87,77,75,82,95,254,249,243,241,365,355,335,338,341,353,498,497,634,641,681,655,753,707,790,646,833,718,836,675]} 1. e4 c5 2. Nf3 Nc6 3. Bb5 g6 4. Bxc6 dxc6 5. d3 Bg7 6. O-O Nf6 7. h3 Nd7 {[%cal Bf6d7,Bd7f8,Bf8e6,Be6f4][%mdl 32] B31: Sicilian: 2...Nc6 3 Bb5 g6} (7... O-O 8. Nc3 Nd7 9. Be3 e5 10. Qd2 Qe7 11. Nh2 Re8 12. f4 exf4 13. Bxf4 Nf8 14. Bh6 Bd4+ 15. Kh1 Be6 16. Rae1 c4 17. Nf3 Bh8 18. d4 b5 {½-½ (40) Halkias,S (2585)-Naiditsch,A (2687) Tallinn 2016}) 8. Qe2 {LiveBook: 3 Games} e5 9. Be3 $146 ({Predecessor:} 9. a3 O-O 10. b4 a5 11. bxc5 Nxc5 12. a4 Re8 13. Bg5 Qd6 14. Nbd2 {½-½ (26) Gdanski,J (2510)-Nithander,V (2438) Vaxjo 2014}) 9... Qe7 {The position is equal.} 10. a3 Nf8 11. c3 Ne6 12. b4 O-O 13. Nbd2 cxb4 14. axb4 Nf4 15. Bxf4 $1 exf4 16. d4 f5 17. Rfe1 fxe4 18. Qxe4 Qd8 19. Qe7 Qxe7 20. Rxe7 Bf6 21. Re2 Bf5 22. Ne4 Bxe4 23. Rxe4 Bd8 24. Re2 h6 25. Kf1 Bc7 26. Rea2 a6 27. Ke2 Rfe8+ 28. Kd3 Rad8 29. Re2 Rxe2 30. Kxe2 $14 {[%mdl 4096] Endgame KRB-KRN} Kf7 31. Kd3 Kf6 32. Nd2 Bb6 33. Re1 g5 34. Re5 Kf7 35. Ne4 Bc7 36. Rf5+ Kg6 $2 {[#]} (36... Kg7 $16 {might work better.}) 37. Rf6+ $18 Kg7 38. Re6 Rf8 (38... Rc8 $142 39. Nc5 Kf7 40. Rxh6 Kg7) 39. Re7+ Rf7 40. Rxf7+ Kxf7 {KB-KN} 41. Nc5 b6 (41... a5 {was called for.} 42. bxa5 (42. Nxb7 axb4 43. cxb4 Ke6 $16) 42... Bxa5) 42. Nxa6 {White is clearly winning.} Bd8 43. Nb8 c5 44. Nc6 Bc7 45. dxc5 bxc5 46. bxc5 Ke6 47. Ke4 h5 48. f3 {Precision: White = 80%, Black = 38%.} 1-0

[Event "American Continental-ch 2018"]
[Site "Montevideo"]
[Date "2018.06.10"]
[Round "11"]
[White "Quintiliano Pinto, Renato R"]
[Black "Salinas Herrera, Pablo"]
[Result "0-1"]
[WhiteElo "2423"]
[BlackElo "2463"]
[Annotator "TA"]
[PlyCount "92"]
[EventDate "2018.??.??"]
[EventType "swiss"]
[EventCountry "URU"]
[SourceTitle "playchess.com"]
[Source "ChessBase"]
[SourceQuality "1"]

{[%evp 23,92,0,0,0,14,0,0,-6,64,75,114,26,19,15,26,40,13,10,7,8,38,0,0,-12,9,6,52,0,0,0,75,77,167,50,37,67,59,55,81,0,0,0,0,-60,-66,-262,0,0,0,-311,-302,-810,-718,-805,-783,-867,-282,-295,-298,-283,-288,-284,-272,-269,-269,-360,-323,-389,-336,-375,-363]} 1. d4 d5 2. c4 e6 3. Nf3 Nf6 4. Nc3 c6 5. e3 Nbd7 6. Qc2 Bd6 7. b3 O-O 8. Be2 b6 9. O-O Bb7 10. Bb2 Qe7 11. Rad1 Rad8 12. Rfe1 Rfe8 13. Bf1 {D45: Semi-Slav: 5 e3} e5 14. dxe5 Nxe5 15. Nd4 {[#] The position is equal.} Bb8 $146 ({Black should play} 15... dxc4 $11 16. Nf5 Qe6 17. Rxd6 Rxd6 18. Nxd6 Qxd6) ({Predecessor:} 15... dxc4 16. Nf5 Qe6 17. Nxd6 Rxd6 18. Rxd6 Qxd6 19. Rd1 cxb3 20. axb3 Qb8 {½-½ (30) Svidler,P (2755)-Gelfand,B (2724) Moscow 2017}) 16. cxd5 $14 cxd5 17. h3 (17. Bb5 $16) 17... Rc8 18. Rc1 g6 19. Bb5 Ned7 20. Qe2 Qd6 21. f4 Qf8 22. Qf1 Bd6 23. g4 {[%cal Bg2g4,Bg4g5][%mdl 32] Black must now prevent g5.} Re7 24. g5 Nh5 25. Qf3 ({Better is} 25. Ba6 $14 Ng3 26. Qg2 Bxa6 27. Qxg3) 25... a6 $11 26. Bf1 Nc5 (26... Qe8 $11 {remains equal.} 27. Re2 (27. Nxd5 Rxc1 28. Bxc1 Bxd5 $11) 27... Bc5) 27. Nxd5 $16 Re4 (27... Rce8 $16 {keeps fighting.}) 28. Rxc5 ({Only move:} 28. Qxh5 $1 $18 {White wants to mate with Nf6+.} Bxd5 29. Qd1) 28... Rxc5 $14 29. Qxe4 Bxd5 30. Qd3 {And now Rd1 would win.} Qe7 31. Ne2 (31. Qd2 $1 $16) 31... Be4 $1 $11 32. Qd4 {[%csl Gb2][%cal Rd4h8]} Rxg5+ $1 33. Kh2 (33. fxg5 Qxg5+ 34. Kf2 Qh4+ 35. Ng3 Qxg3+ 36. Ke2 Qh2+ 37. Bg2 Qxg2+ 38. Kd1 Qc2#) (33. Kf2 $1 $11 Re5 34. fxe5 Qh4+ 35. Kg1) 33... f6 $15 34. Nc3 $2 (34. Ba3 $15 Rd5 35. Qc4) 34... Bb7 $2 (34... Bf3 $19 35. Rd1 (35. Ba3 $2 Bxa3 36. Rd1 Bxd1 $19) 35... Bxd1 36. Nxd1 Kg7) 35. Rd1 $1 $11 ({Don't blunder} 35. Ba3 $2 Bxa3 36. Rd1 Rc5 $19) 35... Bc7 $40 {[%mdl 128] [#] Black has some attack.} 36. Bc4+ $2 {[%mdl 8192]} (36. Ba3 $1 $11 {[%mdl 512] and White stays safe.} Qxa3 37. Qc4+ Kh8 38. Rd7) 36... Kg7 $19 {( -> ...Rg2+)} 37. Rg1 $2 {[#]} (37. Bd5 Rxd5 38. Nxd5 Bxd5 39. Rd2) 37... Nxf4 $1 {[%mdl 512]} 38. exf4 Rxg1 39. Ne4 {[#]} Rh1+ $2 (39... Rd1 $1 {[%mdl 512]} 40. Qxf6+ (40. Qxd1 Qxe4) 40... Qxf6 41. Bxf6+ Kf8) 40. Kxh1 {aiming for Bd5.} Qxe4+ 41. Qxe4 Bxe4+ {KBB-KBB} 42. Kg1 b5 ({Weaker is} 42... Bxf4 43. Bxa6 Be3+ 44. Kf1 $17) 43. Be6 Bxf4 44. Bc8 a5 45. Ba6 Bc6 46. Bc3 Bc7 {Precision: White = 25%, Black = 43%.} 0-1

[Event "American Continental-ch 2018"]
[Site "Montevideo"]
[Date "2018.06.10"]
[Round "11"]
[White "Slipak, Sergio"]
[Black "Coppola, Claudio"]
[Result "1-0"]
[WhiteElo "2420"]
[BlackElo "2228"]
[Annotator "TA"]
[PlyCount "82"]
[EventDate "2018.??.??"]
[EventType "swiss"]
[EventCountry "URU"]
[SourceTitle "playchess.com"]
[Source "ChessBase"]
[SourceQuality "1"]

{[%evp 20,82,14,19,8,-6,31,22,30,34,39,38,48,31,37,20,56,60,64,57,66,69,79,72,77,48,231,235,229,215,222,149,177,169,203,204,204,201,197,189,210,188,229,233,360,360,363,345,354,361,351,348,342,347,335,332,426,395,443,430,644,647,648,670,1295]} 1. d4 d5 2. c4 c6 3. Nf3 Nf6 4. Qb3 dxc4 5. Qxc4 Bg4 6. Nbd2 {[%cal Bb1d2,Bd2c4,Bc4e5][%mdl 32]} e6 {D23: Queen's Gambit Accepted: 3 Nf3 Nf6 sidelines} 7. g3 Nbd7 8. Bg2 Be7 9. O-O O-O 10. Qb3 (10. b3 Qa5 11. Bb2 Rac8 12. Rfd1 Rfd8 13. h3 Bh5 14. Qc1 {0-1 (56) Le,Q (2737)-Mamedov,R (2709) Riadh 2017}) 10... Qb6 11. Nc4 {LiveBook: 53 Games} Qa6 12. e3 Nb6 13. Nce5 Bh5 $146 ({Predecessor:} 13... Bf5 14. Nd2 {0-1 (84) Song,J (2314)-Cioara,A (2436) Le Touquet 2011}) 14. h3 c5 15. g4 Bg6 16. Nxg6 hxg6 17. Rd1 Rad8 18. Bd2 {[%cal Bc1d2,Bd2e1,Be1c3][%mdl 32]} Nbd5 19. Rac1 Ne4 20. Be1 cxd4 21. Nxd4 Nc5 22. Qc2 e5 $2 {[#]} (22... Qb6 $14) 23. Nb3 $18 Nxb3 24. Qxb3 Nb6 25. Bc3 Bd6 26. Rd2 Qc4 27. Bxb7 Qxb3 28. axb3 f6 29. Be4 Kf7 30. Ba5 Bb8 31. Rdc2 Rc8 (31... Rd7 $142 32. b4 Rfd8) 32. Bd5+ Ke7 {[#] Threatens to win with ...Rxc2.} 33. Bb4+ Bd6 {...Rxc2 is the strong threat.} 34. Rc7+ $1 Rxc7 35. Rxc7+ Nd7 36. Ba3 a5 37. Ra7 Rc8 38. Be4 Bxa3 39. bxa3 {White is clearly winning.} Rc5 (39... g5 $142 40. Bf5 Rd8 41. Rxa5 Kf8) 40. Bxg6 Kd6 41. Bf5 Kd5 {Precision: White = 63%, Black = 30%.} 1-0

[Event "American Continental-ch 2018"]
[Site "Montevideo"]
[Date "2018.06.10"]
[Round "11"]
[White "Thavandiran, Shiyam"]
[Black "Gauche, Charles"]
[Result "0-1"]
[WhiteElo "2417"]
[BlackElo "2235"]
[Annotator "TA"]
[PlyCount "104"]
[EventDate "2018.??.??"]
[EventType "swiss"]
[EventCountry "URU"]
[SourceTitle "playchess.com"]
[Source "ChessBase"]
[SourceQuality "1"]

{[%evp 14,104,54,52,111,116,190,200,196,212,202,104,109,108,160,145,156,149,153,30,35,26,31,30,0,0,2,0,80,85,82,66,74,60,60,60,60,58,61,66,81,60,67,56,73,16,10,9,48,52,83,86,109,102,104,0,0,0,0,0,0,0,0,0,0,-503,-421,-506,0,0,0,0,0,0,0,0,0,0,0,0,0,0,0,0,0,-12842,-12842,-12843,-12843,-12845,-12846,-12846,-12847]} 1. e4 e5 2. Bc4 Nf6 3. d3 Nc6 4. Nc3 Bb4 5. Nf3 {[%cal Bg1f3,Bf3g5,Bg5f7][%mdl 32]} d5 6. exd5 Nxd5 7. O-O Nxc3 {C28: Vienna Game: 2...Nf6 3 Bc4 Nc6} (7... Bxc3 8. bxc3 Bg4 9. Bd2 O-O 10. Rb1 Kh8 11. h3 Bh5 12. Rb5 Nb6 13. g4 Bg6 14. Nxe5 Nxe5 15. Rxe5 Qd6 16. Rfe1 Nxc4 17. dxc4 Qa6 {½-½ (99) Van Eijk,S (2438)-Ernst,S (2575) Amsterdam 2014}) 8. bxc3 {LiveBook: 3 Games} Bxc3 ({Better is} 8... Be7 $1 $14) 9. Ng5 $1 $16 {[%cal Rg5f7]} f6 (9... Bxa1 $2 {loses.} 10. Bxf7+ Kf8 11. Ba3+ Ne7 12. Bb3 $18 (12. Qxa1 h6 $18)) (9... Be6 $16 10. Bxe6 (10. Nxe6 fxe6 11. Rb1 Nd4 $16) 10... fxe6) 10. Nf7 $1 $18 {[%cal Rf7d8]} Qe7 {aiming for ...Rf8.} 11. Nxh8 Bxa1 {[#]} 12. Ba3 $146 {[%mdl 512]} ({Predecessor:} 12. Bf7+ Kd8 13. Qh5 Be6 14. Bxe6 Qxe6 15. Qxh7 {0-1 (36) Gelemerov,Y (1918)-Georgiev,N (1588) Sofia 2017}) 12... Qxa3 $16 13. Qh5+ Kd8 (13... Kd7 $142) 14. Qxh7 Qf8 {And now ...Bc3 would win.} 15. Rxa1 Na5 16. Bd5 (16. Bg8 $16) 16... c6 $11 17. Ng6 Bf5 {Threatens to win with ...Bxg6.} 18. Be4 Bxg6 $1 19. Qxg6 Kc7 20. f4 Rd8 {[#]} (20... exf4 $11 21. Rf1 Re8) 21. fxe5 $1 $16 Qc5+ 22. Kh1 Qxe5 {[%cal Re5a1]} 23. Qxg7+ Rd7 {[%cal Re5a1]} 24. Qg3 Qxg3 25. hxg3 $14 {[%mdl 4096] Endgame KRB-KRN} c5 26. Rf1 Rd6 27. Rf5 b6 28. g4 Nc6 29. g5 (29. c3 $16) 29... fxg5 $11 30. c3 g4 31. Rg5 g3 32. Rxg3 b5 33. Rg7+ Kb6 34. Rg6 (34. g4 $16) 34... Rxg6 35. Bxg6 {KB-KN} b4 36. cxb4 cxb4 {[%cal Bc5b4,Bb4b3][%mdl 32]} 37. Kg1 a5 38. Kf2 a4 39. Ke3 $2 {[%mdl 8192]} (39. Bf7 $11 {and White is okay.}) 39... b3 $19 40. a3 ({Don't blunder} 40. axb3 $2 a3) 40... Kc5 $2 ({Black should play} 40... Ne5 $19 41. Be4 b2) 41. Kd2 $11 Nd4 42. Kc3 Ne2+ 43. Kb2 Kd4 44. g4 {g5 is the strong threat.} Nc3 $1 45. g5 Nd1+ 46. Kc1 Ne3 $1 47. Kb2 $1 {Black must now prevent Be4.} Nd1+ 48. Kc1 Ne3 $1 {Hoping for ...Kc3.} 49. Kb1 $2 {[%mdl 8192] [#]} (49. Kb2 $11) 49... Kc3 $1 $19 {Black is clearly winning.} 50. d4 Nc4 51. Bf5 Nxa3+ 52. Kc1 Nc2 {Precision: White = 57%, Black = 74%.} 0-1